Odhad dopadu riadenia výkonu na statickú spotrebu energie

Enregistré dans:
Détails bibliographiques
Auteur principal: Rychvalský, Tomáš (Auteur)
Autres auteurs: Macko, Dominik (Directeur de thèse)
Format: Manuscrit Livre
Langue:slovaque
Publié: 2017
Sujets:
Accès en ligne:http://is.stuba.sk/zp/portal_zp.pl?podrobnosti=126996
Tags: Ajouter un tag
Pas de tags, Soyez le premier à ajouter un tag!

MARC

LEADER 00000ntm a22000003a 4500
001 stuzp64684
003 SK-STU
005 20170624213805.3
007 ta
008 150427s2015----xo-----f-mn---000-0-slo-d
040 |a STU  |b slo 
041 0 |a slo 
100 1 |a Rychvalský, Tomáš  |u 070400  |4 aut  |U FIIT Fakulta informatiky a informačných technológií  |T FIIT Ústav počítačového inžinierstva a aplikovanej informatiky  |X 52973  |U I400  |Y 672  |7 52973 
242 0 1 |a Estimation of power-management effect on static power consumption  |y eng 
245 1 0 |a Odhad dopadu riadenia výkonu na statickú spotrebu energie 
260 |c 2017 
650 4 |a odhad dopadu riadenia výkonu  |2 slo 
650 4 |a statická spotreba energie  |2 slo 
650 4 |a SystemC  |2 slo 
650 4 |a estimation of power-management effect  |2 eng 
650 4 |a static power consumption  |2 eng 
650 4 |a SystemC  |2 eng 
700 1 |a Macko, Dominik  |u 070400  |k Z1  |4 ths  |U FIIT Fakulta informatiky a informačných technológií  |T FIIT Ústav počítačového inžinierstva a aplikovanej informatiky  |X 35524  |U I400  |Y 672  |7 35524 
856 4 |u http://is.stuba.sk/zp/portal_zp.pl?podrobnosti=126996